00768cam a2200205 4500001000500000005001700005008003900022010001600061020003500077020003500112082002100147100003200168245011600200260004700316300001900363504005300382505009000435650001800525650001900543757320181127183909.0890906m19891994nyu b 001 0 eng a 89027330 a0387941568 (v. 2 : alk. paper) a0387971785 (v. 1 : alk. paper)00a330/.01/51952201 aDhrymes, Phoebus J.,d1932-10aTopics in advanced econometrics volume II :bLinear and nonlinear simultaneous equations /cPhoebus J. Dhrymes. aNew York :bSpringer-Verlag,cc1989-c1994. a2 v. ;c24 cm. aIncludes bibliographical references and indexes.0 a[v. 1.] Probability foundations -- v. 2. Linear and nonlinear simultaneous equations. 0aEconometrics. 0aProbabilities.